00461nam a2200145 a 450000100100000000500170001000800410002704000250006808200170009310000260011024500650013626000630020130000200026450400310028400004185920201002035809.0131018s1992 it 000 0 spa d aDO-SdBNPbspacBNPHU axxxxxbxxxxx1 aTaviani, Paolo Emilio10aCristoforo Colombo :bgenio del mar /cPaolo Emilio Taviani. aRoma :bMinistero Per I Beni Culturali e Ambietali,c1992. a94 p. :b20 cm. aBibliografías : p. 77-94